Robert Fleeman v David Lyon and Joanne Lyon (Record no. 81884)

MARC details
000 -LEADER
fixed length control field 01061cad a22001935a 4500
001 - CONTROL NUMBER
control field E148556
008 - FIXED-LENGTH DATA ELEMENTS--GENERAL INFORMATION
fixed length control field 091001e20090804xxk v 000 0 eng d
035 ## - SYSTEM CONTROL NUMBER
System control number (Sirsi) u148556
041 0# - LANGUAGE CODE
Language code of text/sound track or separate title eng
245 00 - TITLE STATEMENT
Title Robert Fleeman v David Lyon and Joanne Lyon
Remainder of title opinion
Medium [electronic resource]
260 ## - PUBLICATION, DISTRIBUTION, ETC.
Date of publication, distribution, etc. 2009
520 ## - SUMMARY, ETC.
Summary, etc. LTS/TC/2008/60 4 August 2009. Concerned an application under the Title Conditions (Scotland) Act 2003 S34(3) and S90(i)(c) relating to the respondents' proposals to discharge conditions to allow them to build a new property in their garden. The applicants (their neighbours) opposed this. "Held": application allowed: the conditions should not be discharged without having any safeguards in place.
650 24 - SUBJECT ADDED ENTRY--TOPICAL TERM
Topical term or geographic name entry element FLEEMAN V LYON AND ANOR
650 24 - SUBJECT ADDED ENTRY--TOPICAL TERM
Topical term or geographic name entry element TITLE CONDITIONS (SCOTLAND) ACT 2003
651 #4 - SUBJECT ADDED ENTRY--GEOGRAPHIC NAME
Geographic name Scotland
Chronological subdivision 1999-
690 ## - LOCAL SUBJECT ADDED ENTRY--TOPICAL TERM (OCLC, RLIN)
Topical term or geographic name as entry element Planning and development
9 (RLIN) 6259
856 40 - ELECTRONIC LOCATION AND ACCESS
Uniform Resource Identifier <a href="https://www.lands-tribunal-scotland.org.uk/decisions/LTS.TC.2008.60.html">https://www.lands-tribunal-scotland.org.uk/decisions/LTS.TC.2008.60.html</a>
Public note View the decision free of charge at www.lands-tribunal-scotland.org.uk...
942 ## - ADDED ENTRY ELEMENTS (KOHA)
Suppress in OPAC 0
Holdings
Withdrawn status Lost status Source of classification or shelving scheme Damaged status Not for loan Home library Current library Shelving location Date acquired Total Checkouts Full call number Barcode Date last seen Copy number Price effective from Koha item type
    Dewey Decimal Classification     Virtual Virtual Online 01/10/2009   ONLINE PUBLICATION 148556-2001 06/08/2019 1 06/08/2019 Law report